000 00639nam a2200205Ia 4500
001 15329
003 GE_BSU
008 181216s||||||||xx |||||||||||||| ||und||
040 _cGE_BSU
080 _a82-93+821.353.1-32
100 _aქუჩუკაშვილი,ქეთევან
245 _aთბილი პური
245 _cრედ.ე.ქარელიშვილი. მხატვ.თ.კიკალიშვილი
260 _aთბილისი
260 _bნაკადული
260 _c1963
300 _a155გვ.20სმ.
653 _aთბილი პური
942 _cBK
999 _c48437
_d48437